[Event "Birmingham International Tournament"]
[Site "Birmingham"]
[Date "1973.04.17"]
[Round "1"]
[White "Miles, Anthony John"]
[Black "Bisguier, Arthur Bernard"]
[Result "1-0"]
[WhiteElo "2285"]
[BlackElo "2430"]
[PlyCount "73"]
[EventDate "1973.04.17"]
[EventType "tourn"]
[EventRounds "11"]
[EventCountry "ENG"]
[SourceTitle "BritBase"]
[Source "John Saunders"]
[SourceDate "2023.01.01"]
[SourceVersion "1"]
[SourceVersionDate "2023.01.01"]
[SourceQuality "1"]

1. e4 e5 2. Nf3 Nc6 3. Bb5 Nf6 4. O-O Nxe4 5. d4 Nd6 6. Bxc6 dxc6 7. dxe5 Nf5
8. Qxd8+ Kxd8 9. Nc3 Ke8 10. Ne2 Be6 11. Nf4 Bd5 12. Nxd5 cxd5 13. Re1 $6 (13.
g4 $14 {Miles}) 13... Bc5 14. Bf4 c6 15. Rad1 h6 16. h3 $6 (16. g4) 16... g5 $1
17. Bc1 Ke7 18. Nh2 $6 Rag8 19. Ng4 h5 20. Ne3 $17 {Miles offered a draw. "If
he had played better up until then I would have taken the draw." (Bisguier in
Chess Life & Review)} Nh4 $2 21. Nxd5+ $3 cxd5 22. Rxd5 b6 $2 23. e6 f5 $2 24.
Rd7+ Kf6 $2 25. Bd2 Kg6 26. b4 Bf8 27. e7 Bg7 28. Re6+ Kh7 29. Bxg5 Ng6 30.
Rxa7 Re8 31. Rd7 Ne5 32. Rd5 Rhg8 33. f4 Nc4 34. Rxf5 Bd4+ 35. Kh1 Ne3 36. Rf7+
Rg7 37. Rh6+ {Sources: CHESS/38/673-674 May 1973, p237; Chess Life & Review,
July 1973, p381; BCM, June 1973, p228; The Times, 5 May 1973; Sunday Times, 10
June 1973; "It's Only Me" Ed. Geoff Lawton, Batsford, 2003, p26} (37. Rh6+ Kg8
38. Rf8+ Rxf8 39. Rh8+ Kxh8 40. exf8=Q+ {winning easily. I'm an incurable
optimist I know but I think as Black I would have played these moves - just in
case, after} Kh7 {White in the general excitement played} 41. Qd6 $2 {after
which} Nf5 $1 {and White cannot avoid perpetual check (C Hugh O'D Alexander)})
1-0

[Event "Birmingham International Tournament"]
[Site "Birmingham"]
[Date "1973.04.17"]
[Round "1"]
[White "Zuckerman, Bernard"]
[Black "Cafferty, Bernard"]
[Result "1/2-1/2"]
[WhiteElo "2460"]
[BlackElo "2370"]
[PlyCount "54"]
[EventDate "1973.04.17"]
[EventType "tourn"]
[EventRounds "11"]
[EventCountry "ENG"]
[SourceTitle "BritBase"]
[Source "John Saunders"]
[SourceDate "2023.01.01"]
[SourceVersion "1"]
[SourceVersionDate "2023.01.01"]
[SourceQuality "1"]

1. Nf3 Nf6 2. g3 d5 3. Bg2 Bf5 4. c4 c6 5. cxd5 cxd5 6. Qb3 Qb6 7. Qxb6 axb6 8.
Nc3 Nc6 9. d3 e6 10. Nb5 Ra5 11. Nfd4 Bg6 12. a4 Bb4+ 13. Bd2 Kd7 14. f4 Rc8
15. Bxb4 Nxb4 16. Kd2 Ne8 17. Bh3 Nd6 18. Nxd6 Kxd6 19. Rhc1 Rxc1 20. Rxc1 Nc6
21. Nb5+ Ke7 22. b3 Ra8 23. Kc3 Rc8 24. Kb2 Rd8 25. Bg2 f6 26. Kc3 Rc8 27. Re1
Na7+ {Source: Cafferty scoresheet} 1/2-1/2

[Event "Birmingham International Tournament"]
[Site "Birmingham"]
[Date "1973.04.18"]
[Round "2"]
[White "Bisguier, Arthur Bernard"]
[Black "Soltis, Andrew E"]
[Result "1/2-1/2"]
[WhiteElo "2430"]
[BlackElo "2440"]
[PlyCount "40"]
[EventDate "1973.04.17"]
[EventType "tourn"]
[EventRounds "11"]
[EventCountry "ENG"]
[SourceTitle "BritBase"]
[Source "John Saunders"]
[SourceDate "2023.01.01"]
[SourceVersion "1"]
[SourceVersionDate "2023.01.01"]
[SourceQuality "1"]

1. e4 c5 2. Nf3 d6 3. Bb5+ Bd7 4. Bxd7+ Qxd7 5. c4 Nc6 6. O-O g6 7. d4 cxd4 8.
Nxd4 Nf6 9. Nc3 Bg7 10. Nc2 O-O 11. f3 a6 12. b3 Rab8 13. Bb2 b5 14. cxb5 axb5
15. Qd2 Rfc8 16. Ne3 Qa7 17. Rfe1 Nd7 18. Ncd5 Bxb2 19. Qxb2 e6 20. Nf4 Nb4 {
Source: Andrew Soltis. Contributed by Andy Ansel, 28 January 2023.} 1/2-1/2

[Event "Birmingham International Tournament"]
[Site "Birmingham"]
[Date "1973.04.18"]
[Round "2"]
[White "Cafferty, Bernard"]
[Black "Carleton, John Joseph"]
[Result "1/2-1/2"]
[WhiteElo "2370"]
[BlackElo "2285"]
[PlyCount "65"]
[EventDate "1973.04.17"]
[EventType "tourn"]
[EventRounds "11"]
[EventCountry "ENG"]
[SourceTitle "BritBase"]
[Source "John Saunders"]
[SourceDate "2023.01.01"]
[SourceVersion "1"]
[SourceVersionDate "2023.01.01"]
[SourceQuality "1"]

1. c4 e6 2. Nf3 d5 3. g3 Nf6 4. Bg2 Be7 5. O-O O-O 6. d4 Nc6 7. cxd5 exd5 8.
Nc3 Ne4 9. Be3 Bf5 10. Rc1 Re8 11. a3 Bf6 12. b4 a6 13. Qb3 Ne7 14. Rfd1 c6 15.
a4 Be6 16. Qb1 Nd6 17. Bg5 Nef5 18. Bxf6 Qxf6 19. b5 axb5 20. axb5 Nc4 21. e4
dxe4 22. Nxe4 Qe7 23. bxc6 bxc6 24. Neg5 Rab8 25. Qe4 Ncd6 26. Qxc6 Rec8 27.
Qa6 Rxc1 28. Rxc1 Nxd4 29. Nxd4 Qxg5 30. f4 Qd8 31. Nxe6 fxe6 32. Rd1 Qb6+ 33.
Qxb6 {Source: Cafferty scoresheet} 1/2-1/2

[Event "Birmingham International Tournament"]
[Site "Birmingham"]
[Date "1973.04.18"]
[Round "2"]
[White "Corden, Martyn J"]
[Black "Miles, Anthony John"]
[Result "0-1"]
[WhiteElo "2275"]
[BlackElo "2285"]
[PlyCount "68"]
[EventDate "1973.04.17"]
[EventType "tourn"]
[EventRounds "11"]
[EventCountry "ENG"]
[SourceTitle "BritBase"]
[Source "John Saunders"]
[SourceDate "2023.01.01"]
[SourceVersion "1"]
[SourceVersionDate "2023.01.01"]
[SourceQuality "1"]

1. e4 c5 2. Nf3 d6 3. d4 cxd4 4. Nxd4 Nf6 5. Nc3 g6 6. Be3 Bg7 7. Be2 Nc6 8.
O-O O-O 9. Nb3 Be6 10. f4 Na5 11. f5 Bc4 12. Nxa5 Bxe2 13. Qxe2 Qxa5 14. g4
Rac8 15. g5 Rxc3 16. gxf6 Rxe3 17. Qxe3 Bxf6 18. c3 b5 19. a3 Qc7 20. Rad1 a5
21. fxg6 hxg6 22. Rf3 Rc8 23. Rdf1 Qc4 24. Rh3 Qe6 25. Rhf3 Rc4 26. Qb6 b4 27.
Qxa5 bxc3 28. bxc3 Rxe4 29. Qb5 Rc4 30. a4 Qe4 31. a5 Rxc3 32. Qb8+ Kg7 33.
Rxf6 exf6 34. Qxd6 Rc6 {Sources: BCM, July 1973, p310; (move 15 - end) CHESS/
38/675-676 June 1973, p274; Tony Miles, England's Chess Gladiator by Raymond
Keene, Hardinge Simpole 2006, p13} 0-1

[Event "Birmingham International Tournament"]
[Site "Birmingham"]
[Date "1973.04.19"]
[Round "3"]
[White "Carleton, John Joseph"]
[Black "Bertok, Mario"]
[Result "1-0"]
[WhiteElo "2285"]
[BlackElo "2440"]
[PlyCount "93"]
[EventDate "1973.04.17"]
[EventType "tourn"]
[EventRounds "11"]
[EventCountry "ENG"]
[SourceTitle "BritBase"]
[Source "John Saunders"]
[SourceDate "2023.01.01"]
[SourceVersion "1"]
[SourceVersionDate "2023.01.01"]
[SourceQuality "1"]

1. e4 c5 2. Nf3 e6 3. d4 cxd4 4. Nxd4 Nf6 5. Nc3 d6 6. Be3 a6 7. g4 h6 8. Be2
b5 9. Bf3 Nfd7 10. e5 d5 11. Nxd5 exd5 12. Bxd5 Nb6 13. Bxa8 Nxa8 14. Qe2 Nc6
15. O-O-O Nxd4 16. Rxd4 Qc7 17. Rhd1 Be7 18. f4 O-O 19. h3 Nb6 20. Kb1 Re8 21.
R4d3 Na4 22. Bd4 b4 23. f5 Bf8 24. Re3 Nb6 25. Qf2 Nd5 26. Ree1 Qa5 27. Rd3 Bd7
28. Rf3 Rb8 29. Qd2 Bc6 30. e6 f6 31. Rd3 Be7 32. Rd1 Qb5 33. Ka1 Qb7 34. h4 a5
35. Rg1 a4 36. Rh3 Bd6 37. Bxf6 Bf4 38. Qd1 gxf6 39. g5 a3 40. gxf6+ Kh8 41. f7
Qa7 42. Qg4 axb2+ 43. Kb1 Nc3+ 44. Rxc3 Qxa2+ 45. Kxa2 b1=Q+ 46. Rxb1 Bd5+ 47.
Rcb3 {Sources: CHESS/38/675-676 June 1973, p275; BCM, June 1973, p228} 1-0

[Event "Birmingham International Tournament"]
[Site "Birmingham"]
[Date "1973.04.19"]
[Round "3"]
[White "Soltis, Andrew E"]
[Black "Corden, Martyn J"]
[Result "0-1"]
[WhiteElo "2440"]
[BlackElo "2275"]
[PlyCount "98"]
[EventDate "1973.04.17"]
[EventType "tourn"]
[EventRounds "11"]
[EventCountry "ENG"]
[SourceTitle "BritBase"]
[Source "John Saunders"]
[SourceDate "2023.01.01"]
[SourceVersion "1"]
[SourceVersionDate "2023.01.01"]
[SourceQuality "1"]

{"Corden turned up almost an hour late through quite unavoidable circumstances,
and then amazed everyone by completely outplaying his opponent." (CHESS)} 1. e4
Nf6 2. e5 Nd5 3. c4 Nb6 4. c5 Nd5 5. Nc3 Nxc3 6. dxc3 d6 7. Bg5 dxe5 8. Qb3 Qd7
9. Rd1 Qf5 10. Bc4 Nd7 11. Nf3 e6 12. O-O (12. Rxd7 $5) 12... Bxc5 13. Bh4 O-O
14. Rfe1 Bd6 15. Rxd6 cxd6 16. Be7 d5 17. Bb5 Re8 18. Qa3 f6 19. Qd6 Kf7 20.
Nd4 $5 exd4 21. Bd3 Qe5 $1 22. Rxe5 Nxe5 23. Bxh7 Rxe7 24. cxd4 Nc6 25. Qg3 Ke8
26. Bg6+ Kd7 27. Qc3 b6 28. b4 Bb7 29. h4 Rc8 30. Qd2 Kc7 31. b5 Na5 32. Qf4+
Kd7 33. h5 f5 34. Kh2 Nc4 35. f3 Nd6 36. a4 Rc4 37. a5 bxa5 38. Qd2 Rb4 39. g4
fxg4 40. fxg4 Nxb5 41. g5 Nxd4 42. Qc3 Nc6 43. Qg3 Rb2+ 44. Kg1 Ba6 45. h6 gxh6
46. gxh6 Rb8 47. Kf2 Rh8 48. Qg5 a4 49. h7 Rexh7 {Source: (moves 15-29) CHESS/
38/675-676 June 1973, p275} 0-1

[Event "Birmingham International Tournament"]
[Site "Birmingham"]
[Date "1973.04.20"]
[Round "4"]
[White "Bertok, Mario"]
[Black "Adorjan, Andras"]
[Result "1-0"]
[WhiteElo "2440"]
[BlackElo "2475"]
[PlyCount "77"]
[EventDate "1973.04.17"]
[EventType "tourn"]
[EventRounds "11"]
[EventCountry "ENG"]
[SourceTitle "BritBase"]
[Source "John Saunders"]
[SourceDate "2023.01.01"]
[SourceVersion "1"]
[SourceVersionDate "2023.01.01"]
[SourceQuality "1"]

1. c4 g6 2. g3 Bg7 3. Bg2 c5 4. Nc3 Nc6 5. e3 e5 6. d3 Nge7 7. Nge2 O-O 8. O-O
d6 9. a3 Be6 10. Nd5 Rb8 11. Nec3 a6 12. Rb1 b5 13. cxb5 axb5 14. b4 Nxd5 15.
Nxd5 Ne7 16. Nxe7+ Qxe7 17. Bb2 c4 18. d4 Qa7 19. d5 Bf5 20. e4 Bd7 21. Ra1 f5
22. Qe2 Rf7 23. Kh1 fxe4 24. Bxe4 Bh3 25. f3 Bxf1 26. Rxf1 Bh6 $19 27. Qc2 Rc8
28. f4 Qa4 29. Qe2 c3 30. Bc1 exf4 31. Bd3 Qa8 32. Qe6 Re8 33. Qxd6 Rd8 34. Qe6
Rxd5 $4 (34... Qxd5+ $19) 35. Be4 Rd6 36. Qxf7+ Kxf7 37. Bxa8 c2 38. gxf4 Bg7
39. Be4 {Source: The Chess Player, Vol.4, 1973, no.862} 1-0

[Event "Birmingham International Tournament"]
[Site "Birmingham"]
[Date "1973.04.20"]
[Round "4"]
[White "Bisguier, Arthur Bernard"]
[Black "Cafferty, Bernard"]
[Result "1/2-1/2"]
[WhiteElo "2430"]
[BlackElo "2370"]
[PlyCount "39"]
[EventDate "1973.04.17"]
[EventType "tourn"]
[EventRounds "11"]
[EventCountry "ENG"]
[SourceTitle "BritBase"]
[Source "John Saunders"]
[SourceDate "2023.01.01"]
[SourceVersion "1"]
[SourceVersionDate "2023.01.01"]
[SourceQuality "1"]

1. e4 e6 2. d4 d5 3. Nc3 Bb4 4. e5 Ne7 5. Nf3 c5 6. a3 Bxc3+ 7. bxc3 Qa5 8. Qd2
b6 9. c4 Qa4 10. dxc5 bxc5 11. cxd5 exd5 12. Bb2 Qe4+ 13. Qe2 Qxe2+ 14. Bxe2
Ba6 15. Nd2 Bxe2 16. Kxe2 Nbc6 17. c4 O-O 18. cxd5 Nxd5 19. g3 Rab8 20. Rab1 {
Source: Cafferty scoresheet} 1/2-1/2

[Event "Birmingham International Tournament"]
[Site "Birmingham"]
[Date "1973.04.20"]
[Round "4"]
[White "Corden, Martyn J"]
[Black "Zuckerman, Bernard"]
[Result "1-0"]
[WhiteElo "2275"]
[BlackElo "2460"]
[PlyCount "83"]
[EventDate "1973.04.17"]
[EventType "tourn"]
[EventRounds "11"]
[EventCountry "ENG"]
[SourceTitle "BritBase"]
[Source "John Saunders"]
[SourceDate "2023.01.01"]
[SourceVersion "1"]
[SourceVersionDate "2023.01.01"]
[SourceQuality "1"]

1. e4 c5 2. c3 Nf6 3. e5 Nd5 4. d4 cxd4 5. Bc4 Qc7 6. Qe2 Nb6 7. Bd3 Nc6 8. Bf4
Nd5 9. Bg3 dxc3 10. Nxc3 Nxc3 11. bxc3 e6 12. Nf3 Nd4 13. Qd2 Nxf3+ 14. gxf3 b6
15. Be4 Bb7 16. O-O Be7 17. Rfd1 Rd8 18. Qd3 Bxe4 19. fxe4 Qc6 20. Rd2 O-O 21.
Rad1 b5 22. Qe3 a6 23. Rd3 f6 24. exf6 Rxf6 25. e5 Rf7 26. Qd2 Bc5 27. Bh4 Rdf8
28. Rxd7 Rxf2 29. Bxf2 Bxf2+ 30. Qxf2 Rxf2 31. Kxf2 Qxc3 32. Rd8+ Kf7 33. R8d7+
Kg6 34. Rg1+ Kf5 35. Rgxg7 h5 36. Rh7 Ke4 37. Rhf7 Qb2+ 38. Kg3 Qxa2 39. Rf2
Qc4 40. Rf4+ Kxe5 41. Rxc4 bxc4 42. Kf3 {Source: StarBase 4.56} 1-0

[Event "Birmingham International Tournament"]
[Site "Birmingham"]
[Date "1973.04.20"]
[Round "4"]
[White "Gliksman, Darko"]
[Black "Soltis, Andrew E"]
[Result "1-0"]
[WhiteElo "2375"]
[BlackElo "2440"]
[PlyCount "79"]
[EventDate "1973.04.17"]
[EventType "tourn"]
[EventRounds "11"]
[EventCountry "ENG"]
[SourceTitle "BritBase"]
[Source "John Saunders"]
[SourceDate "2023.01.01"]
[SourceVersion "1"]
[SourceVersionDate "2023.01.01"]
[SourceQuality "1"]

1. d4 d5 2. Nf3 Nf6 3. Bf4 c6 4. e3 Bf5 5. c4 e6 6. Qb3 Qb6 7. Nc3 Nbd7 8. c5
Qxb3 9. axb3 Nh5 10. b4 Nxf4 11. exf4 b5 12. Ra6 Nb8 13. Rxc6 Kd8 14. Bxb5 a6
15. Ba4 Nxc6 16. Bxc6 Rb8 17. b5 axb5 18. Bxb5 f6 19. Kd2 h6 20. h4 Be7 21. Ra1
Kc7 22. b4 Ra8 23. Ba4 Kb7 24. Ra2 Ra6 25. Rb2 Rha8 26. Bd7 Kc7 27. Bb5 Ra1 28.
Be2 Bg6 29. b5 Be8 30. f5 Bf7 31. fxe6 Bxe6 32. Ne1 Rd8 33. Nc2 Raa8 34. Nb4 f5
35. Nc6 Re8 36. Ne5 Rec8 37. b6+ Kb7 38. Bf3 Bxc5 39. Nxd5 Bxd4 40. Nc7+ {
Sources: CHESS/38/675-676 June 1973, p276; BCM, July 1973, p304} 1-0

[Event "Birmingham International Tournament"]
[Site "Birmingham"]
[Date "1973.04.22"]
[Round "5"]
[White "Cafferty, Bernard"]
[Black "Corden, Martyn J"]
[Result "1/2-1/2"]
[WhiteElo "2370"]
[BlackElo "2275"]
[PlyCount "81"]
[EventDate "1973.04.17"]
[EventType "tourn"]
[EventRounds "11"]
[EventCountry "ENG"]
[SourceTitle "BritBase"]
[Source "John Saunders"]
[SourceDate "2023.01.01"]
[SourceVersion "1"]
[SourceVersionDate "2023.01.01"]
[SourceQuality "1"]

1. Nf3 f5 2. g3 Nf6 3. Bg2 d6 4. d4 e6 5. O-O Be7 6. c4 O-O 7. Nc3 a5 8. Re1
Ne4 9. Nxe4 fxe4 10. Nd2 d5 11. f3 e3 12. Nb1 dxc4 13. Bxe3 Bf6 14. Na3 Nc6 15.
Nxc4 Nxd4 16. f4 c5 17. Bxd4 cxd4 18. Rc1 Rb8 19. Qd3 b5 20. Ne5 Bxe5 21. fxe5
Bb7 22. Rc5 Bxg2 23. Kxg2 Rb7 24. Rxb5 Rbf7 25. Qe4 Rf2+ 26. Kg1 Qg5 27. Rb8
Rxb8 28. Kxf2 Qd2 29. Rf1 Qxb2 30. a4 Qb6 31. Kg2 Qb7 32. Qxb7 Rxb7 33. Rc1 Rb4
34. Rc7 Rxa4 35. Re7 Ra3 36. Rxe6 Re3 37. Kf2 Kf7 38. Rd6 Rxe5 39. Rxd4 Re7 40.
Ra4 Ra7 41. Ke3 {(sealed) Source: Cafferty scoresheet} 1/2-1/2

[Event "Birmingham International Tournament"]
[Site "Birmingham"]
[Date "1973.04.23"]
[Round "6"]
[White "Bertok, Mario"]
[Black "Soltis, Andrew E"]
[Result "1/2-1/2"]
[WhiteElo "2440"]
[BlackElo "2440"]
[PlyCount "29"]
[EventDate "1973.04.17"]
[EventType "tourn"]
[EventRounds "11"]
[EventCountry "ENG"]
[SourceTitle "BritBase"]
[Source "John Saunders"]
[SourceDate "2023.01.01"]
[SourceVersion "1"]
[SourceVersionDate "2023.01.01"]
[SourceQuality "1"]

1. d4 d5 2. Nf3 Nf6 3. c4 c6 4. Nc3 dxc4 5. a4 Bg4 6. e3 e5 7. dxe5 Qxd1+ 8.
Nxd1 Nfd7 9. Bxc4 Bxf3 10. gxf3 Nxe5 11. Be2 a5 12. Bd2 Nbd7 13. f4 Ng6 14. Nc3
Bb4 15. Ne4 {Source: Andrew Soltis. Contributed by Andy Ansel, 28 January 2023.
} 1/2-1/2

[Event "Birmingham International Tournament"]
[Site "Birmingham"]
[Date "1973.04.23"]
[Round "6"]
[White "Bisguier, Arthur Bernard"]
[Black "Carleton, John Joseph"]
[Result "1-0"]
[WhiteElo "2430"]
[BlackElo "2285"]
[PlyCount "75"]
[EventDate "1973.04.17"]
[EventType "tourn"]
[EventRounds "11"]
[EventCountry "ENG"]
[SourceTitle "BritBase"]
[Source "John Saunders"]
[SourceDate "2023.01.01"]
[SourceVersion "1"]
[SourceVersionDate "2023.01.01"]
[SourceQuality "1"]

1. d4 d5 2. Nf3 Nf6 3. c4 e6 4. Nc3 Bb4 5. e3 O-O 6. Bd3 Nc6 7. O-O a6 8. h3
dxc4 9. Bxc4 b5 10. Bd3 Bd6 11. a4 b4 12. Ne4 Bb7 13. Qc2 h6 14. Nc5 Bxc5 15.
Qxc5 Qd6 16. Qxd6 cxd6 17. Bd2 a5 18. Rfc1 Rfc8 19. Be1 Nd5 20. Nd2 Kf8 21. Kf1
Ke7 22. g3 Nb6 23. f3 Kd8 $2 24. Ne4 Kd7 25. g4 Ne7 26. Bg3 Rxc1+ 27. Rxc1 Rc8
28. Bb5+ Bc6 $2 (28... Kd8) 29. Rxc6 $1 $18 Nxc6 30. Nxd6 f6 31. Nxc8 Nxc8 32.
e4 N8e7 33. Ke2 Kc8 34. Kd3 Kb7 35. Kc4 Nc8 36. Kc5 N6a7 ({Corrected from} 
36... N6e7 {, 28 January 2023.}) 37. Be8 Nb6 38. b3 {Source: Chess Life &
Review, July 1973, p381} 1-0

[Event "Birmingham International Tournament"]
[Site "Birmingham"]
[Date "1973.04.23"]
[Round "6"]
[White "Gliksman, Darko"]
[Black "Cafferty, Bernard"]
[Result "1-0"]
[WhiteElo "2375"]
[BlackElo "2370"]
[PlyCount "81"]
[EventDate "1973.04.17"]
[EventType "tourn"]
[EventRounds "11"]
[EventCountry "ENG"]
[SourceTitle "BritBase"]
[Source "John Saunders"]
[SourceDate "2023.01.01"]
[SourceVersion "1"]
[SourceVersionDate "2023.01.01"]
[SourceQuality "1"]

1. d4 Nf6 2. Nf3 b6 3. Bg5 Ne4 4. Bh4 g6 5. e3 Bb7 6. Bd3 Bg7 7. O-O O-O 8.
Nfd2 Nxd2 9. Nxd2 c5 10. c3 Nc6 11. Qe2 d6 12. f4 a6 13. a4 Qc7 14. d5 Nd8 15.
e4 e6 16. dxe6 fxe6 17. f5 Bh6 18. fxg6 hxg6 19. Rxf8+ Bxf8 20. e5 Nf7 21. exd6
Bxd6 22. Qxe6 Bxh2+ 23. Kh1 Qd6 24. Bc4 Qxe6 25. Bxe6 Bf4 26. Rf1 g5 27. Bxg5
Bxg5 28. Rxf7 Re8 29. Bc4 Bxd2 30. Rxb7+ Kh8 31. Rxb6 Re4 32. Bxa6 Be3 33. g3
Rxa4 34. Kg2 Ra1 35. Kf3 Bc1 36. Bc4 Rb1 37. b4 cxb4 38. cxb4 Ba3 39. b5 Rb4
40. Rc6 {(the score gives 40 b5 as per move 39)} Bb2 41. Ke4 {(sealed) Sources:
Cafferty scoresheet; BCM, June 1973, p229} 1-0

[Event "Birmingham International Tournament"]
[Site "Birmingham"]
[Date "1973.04.24"]
[Round "7"]
[White "Cafferty, Bernard"]
[Black "Gasic, Bozidar"]
[Result "0-1"]
[WhiteElo "2370"]
[BlackElo "2360"]
[PlyCount "74"]
[EventDate "1973.04.17"]
[EventType "tourn"]
[EventRounds "11"]
[EventCountry "ENG"]
[SourceTitle "BritBase"]
[Source "John Saunders"]
[SourceDate "2023.01.01"]
[SourceVersion "1"]
[SourceVersionDate "2023.01.01"]
[SourceQuality "1"]

1. c4 g6 2. Nc3 Bg7 3. d4 d6 4. Nf3 Nd7 5. e4 e5 6. Be2 exd4 7. Nxd4 Ngf6 8.
Bg5 h6 9. Be3 O-O 10. Qd2 Kh7 11. O-O Nc5 12. f3 a5 13. Rfd1 Qe7 14. Ndb5 Be6
15. Rab1 Rfe8 16. Qe1 Rad8 17. Qf2 Bf8 18. Qh4 Bg7 19. Bg5 c6 20. Nxd6 Rxd6 21.
e5 Rxd1+ 22. Rxd1 Ncd7 23. Ne4 Kg8 24. Bxf6 Qb4 25. Bxg7 Kxg7 26. Nf6 Re7 27.
Ne4 g5 28. Qg3 Qxb2 29. h4 Qxe2 30. Re1 Qxc4 31. hxg5 Qd4+ 32. Nf2 hxg5 33.
Qxg5+ Kf8 34. Qh6+ Ke8 35. Qh8+ Nf8 36. Rd1 Qb6 37. Rd8+ Qxd8 {Source:
Cafferty scoresheet} 0-1

[Event "Birmingham International Tournament"]
[Site "Birmingham"]
[Date "1973.04.24"]
[Round "7"]
[White "Soltis, Andrew E"]
[Black "Adorjan, Andras"]
[Result "0-1"]
[WhiteElo "2440"]
[BlackElo "2475"]
[PlyCount "110"]
[EventDate "1973.04.17"]
[EventType "tourn"]
[EventRounds "11"]
[EventCountry "ENG"]
[SourceTitle "BritBase"]
[Source "John Saunders"]
[SourceDate "2023.01.01"]
[SourceVersion "1"]
[SourceVersionDate "2023.01.01"]
[SourceQuality "1"]

1. e4 g6 2. d4 Bg7 3. Nc3 d6 4. Bg5 Nc6 $5 $146 5. Nf3 Bg4 6. Bb5 a6 7. Bxc6+
bxc6 8. Qd3 h6 9. Bh4 Nf6 10. h3 Bd7 11. O-O-O Nh5 12. Qd2 g5 13. Bg3 Nxg3 14.
fxg3 Qb8 15. e5 Qb4 16. Rhe1 Rb8 17. b3 Be6 18. g4 a5 19. Re4 Bd5 20. Re3 Be6
21. Re4 Qa3+ 22. Kb1 a4 23. d5 axb3 24. cxb3 cxd5 25. Ra4 Qc5 26. Nxd5 dxe5 27.
Ra5 Qd6 28. Qc2 Bxd5 29. Rdxd5 Qf6 30. Nxe5 O-O 31. Qf5 Qb6 32. Qf1 Qe3 33. Qf3
Qe1+ 34. Qd1 Qg3 35. Qf3 Qe1+ 36. Qd1 Qe4+ 37. Qc2 Qf4 38. Rac5 Rbd8 39. Nd3
Qf1+ 40. Nc1 Qf6 41. Re5 Qb6 42. Rf5 {(sealed)} Rd6 43. Rfd5 Rxd5 44. Rxd5 Qf6
45. Qe2 e6 46. Rd2 Qa1+ 47. Kc2 Be5 48. Rd7 Qc3+ 49. Kb1 Rb8 50. Rd3 Qa1+ 51.
Kc2 c5 52. Kd1 c4 53. bxc4 Bf4 54. Rd2 Rb1 55. Rd8+ Kg7 {time. Sources: CHESS/
38/675-676 June 1973, p279; BCM, June 1973, p265; The Chess Player Vol.4, 1973,
no.864 (n.b. some versions of the score give an extra half-move 56 Ke1)} 0-1

[Event "Birmingham International Tournament"]
[Site "Birmingham"]
[Date "1973.04.24"]
[Round "7"]
[White "Zuckerman, Bernard"]
[Black "Bertok, Mario"]
[Result "1/2-1/2"]
[WhiteElo "2460"]
[BlackElo "2440"]
[PlyCount "43"]
[EventDate "1973.04.17"]
[EventType "tourn"]
[EventRounds "11"]
[EventCountry "ENG"]
[SourceTitle "BritBase"]
[Source "John Saunders"]
[SourceDate "2023.01.01"]
[SourceVersion "1"]
[SourceVersionDate "2023.01.01"]
[SourceQuality "1"]

1. e4 c5 2. Nf3 d6 3. d4 cxd4 4. Nxd4 Nf6 5. Nc3 a6 6. Bg5 e6 7. f4 Qb6 8. Qd2
Qxb2 9. Nb3 Nbd7 10. Bxf6 gxf6 11. Be2 Qa3 12. O-O Nc5 13. Rab1 Bd7 14. f5 h5
15. Kh1 b5 16. fxe6 fxe6 17. Rxf6 Nxb3 18. Rxf8+ Rxf8 19. Qg5 Rf2 20. Bxh5+ Kf8
21. Qh6+ Ke7 22. Qg5+ {Source: CHESS/38/675-676 June 1973, p280} 1/2-1/2

[Event "Birmingham International Tournament"]
[Site "Birmingham"]
[Date "1973.04.25"]
[Round "8"]
[White "Bertok, Mario"]
[Black "Cafferty, Bernard"]
[Result "1/2-1/2"]
[WhiteElo "2440"]
[BlackElo "2370"]
[PlyCount "52"]
[EventDate "1973.04.17"]
[EventType "tourn"]
[EventRounds "11"]
[EventCountry "ENG"]
[SourceTitle "BritBase"]
[Source "John Saunders"]
[SourceDate "2023.01.01"]
[SourceVersion "1"]
[SourceVersionDate "2023.01.01"]
[SourceQuality "1"]

1. b3 e5 2. Bb2 Nc6 3. c4 Nf6 4. e3 d6 5. Nc3 g6 6. d3 Bg7 7. Nf3 O-O 8. Be2 e4
9. dxe4 Nxe4 10. Qc1 Qf6 11. Nd1 Qe7 12. O-O Bf5 13. Bxg7 Kxg7 14. Nc3 Nxc3 15.
Qxc3+ Qf6 16. Qd2 Rfe8 17. Rfd1 a5 18. a3 Re7 19. Rac1 Rd8 20. b4 axb4 21. axb4
Ree8 22. b5 Ne5 23. Nd4 b6 24. Ra1 Ra8 25. Qb2 Be4 26. Rxa8 Rxa8 {Source:
Cafferty scoresheet} 1/2-1/2